Powiaty w województwie mazowieckim - Statystyki

Ogólne statystyki
  • Ten quiz został rozwiązany 22 razy
  • Średni wynik to 31 z 42
Statystyki odpowiedzi
Odpowiedź % Poprawnych
Warszawa
95%
Płock
90%
Radom
90%
Grójecki
85%
Miński
85%
Płocki
85%
Radomski
85%
Ciechanowski
80%
Grodziski
80%
Ostrołęcki
80%
Ostrołęka
80%
Piaseczyński
80%
Płoński
80%
Siedlce
80%
Siedlecki
80%
Warszawski Zachodni
80%
Żyrardowski
80%
Garwoliński
75%
Gostyniński
75%
Legionowski
75%
Otwocki
75%
Wołomiński
75%
Wyszkowski
75%
Makowski
70%
Mławski
70%
Pruszkowski
70%
Sochaczewski
70%
Białobrzeski
65%
Kozienicki
65%
Ostrowski
65%
Przysuski
65%
Sierpecki
65%
Szydłowiecki
65%
Żuromiński
65%
Zwoleński
65%
Łosicki
60%
Nowodworski
60%
Przasnyski
60%
Pułtuski
60%
Lipski
55%
Sokołowski
55%
Węgrowski
55%
Nie znaleziono quizów pasujących do podanych kryteriów
Rozkład punktacji
Procent ludzi z każdym wynikiem
Percentyl według liczby udzielonych odpowiedzi
Twoja historia wyników
Nie rozwiązałeś tego quizu